| 000 | 01267nam a2200385 c 4500 | ||
|---|---|---|---|
| 001 | 17793 | ||
| 003 | ES-MaCES | ||
| 005 | 20230420142441.0 | ||
| 008 | 050721s2004 ec t 000 | spa d | ||
| 020 | _a9978224947 | ||
| 035 | _aCES20050007760m | ||
| 040 |
_aES-MaCES _bspa _cES-MaCES |
||
| 100 | 1 |
_aJordán Bucheli, Fausto _915529 |
|
| 245 | 1 | 3 |
_aLa situación, tendencias y posibilidades de las microfinanzas _cFausto Jordán Bucheli, Juan Carlos Román Ferrand |
| 260 |
_aQuito _bFundación Ayuda en Acción, Delegación Ecuador _bAbya Yala _c2004 |
||
| 300 |
_a129 p. _c22 cm |
||
| 500 | _aEn la port.: Fundació UN SOL MÓN | ||
| 541 | _cGratuito | ||
| 650 | 4 |
_amicrocrédito _931750 |
|
| 650 | 4 |
_amicroempresa _930172 |
|
| 650 | 4 |
_abanco _928104 |
|
| 650 | 4 |
_ainstitución de ayuda _926664 |
|
| 650 | 4 |
_aayuda al desarrollo _926634 |
|
| 650 | 4 |
_aEcuador _926870 |
|
| 650 | 4 |
_aestudio de casos _928846 |
|
| 650 | 4 |
_atendencia _928907 |
|
| 653 | 1 | 0 | _aFinanciación |
| 650 | 4 |
_930640 _aacceso a créditos |
|
| 700 | 1 |
_aRomán Ferrand, Juan Carlos _922554 |
|
| 710 | 2 |
_aAyuda en Acción _eed. _93759 |
|
| 710 | 2 |
_aFundació UN SOL MÓN _93927 |
|
| 902 | _aLIB Libro | ||
| 942 |
_2CES _cBK _h0.0. |
||
| 999 |
_c17793 _d17793 |
||